[Event "BAN Walton 1st League"]
[Site "Dhaka"]
[Date "2018.11.02"]
[Round "9.1"]
[White "Ghosh, Chanchal Kumer"]
[Black "Kh, Bulbul Ferdous Gola"]
[Result "0-1"]
[WhiteElo "2069"]
[BlackElo "1995"]
[PlyCount "108"]
[EventDate "2018.10.25"]
[EventType "team-tourn"]
[EventRounds "11"]
[EventCountry "BAN"]
[SourceTitle "CBM 187 Extra"]
[Source "ChessBase"]
[SourceDate "2018.11.04"]
[SourceVersion "1"]
[SourceVersionDate "2018.11.04"]
[SourceQuality "1"]
[WhiteTeam "Uttara Central CC"]
[BlackTeam "Basir Memorial"]
[WhiteTeamCountry "BAN"]
[BlackTeamCountry "BAN"]

1. e4 c5 2. Nf3 Nc6 3. d4 cxd4 4. Nxd4 a6 5. Bc4 e6 6. 0-0 Nf6 7. Nc3 Be7 8. Bf4 d6 9. Nf3 0-0 10. a4 b6 11. Qe2 Bb7 12. Rfd1 Nh5 13. Be3 Qc7 14. Rd2 Rfd8 15. Rad1 Nf6 16. Ng5 Ne5 17. Bxe6 fxe6 18. Nxe6 Qd7 19. Nxd8 Qxd8 20. f4 Nf7 21. e5 Ne8 22. Qf2 Qc8 23. Bxb6 dxe5 24. Rd7 Bb4 25. Na2 Bf8 26. Rxf7 Kxf7 27. fxe5+ Nf6 28. exf6 gxf6 29. Bd4 Be7 30. Nc3 Qc6 31. Rd3 Rg8 32. Rg3 Rd8 33. Bb6 Re8 34. a5 Bd6 35. Rg4 h5 36. Rg5 Qc4 37. Bd4 Re1+ 38. Qxe1 Qxd4+ 39. Kh1 fxg5 40. Qe2 Qg4 41. Qf1+ Qf4 42. Qg1 h4 43. Ne2 Qe5 44. Nd4 h3 45. Nf3 hxg2+ 46. Qxg2 Qxb2 47. Qe2 Qc1+ 48. Kg2 Qf4 49. Qd3 Bxf3+ 50. Qxf3 Qxf3+ 51. Kxf3 Bxh2 52. Kg4 Bf4 53. Kf5 Ke7 54. Ke4 Bd2 0-1

[Event "BAN Walton 1st League"]
[Site "Dhaka"]
[Date "2018.10.31"]
[Round "7.1"]
[White "Jaber, Al Hamid"]
[Black "Kh, Bulbul Ferdous Gola"]
[Result "1/2-1/2"]
[WhiteElo "1850"]
[BlackElo "1995"]
[PlyCount "42"]
[EventDate "2018.10.25"]
[EventType "team-tourn"]
[EventRounds "11"]
[EventCountry "BAN"]
[SourceTitle "CBM 187 Extra"]
[Source "ChessBase"]
[SourceDate "2018.11.04"]
[SourceVersion "1"]
[SourceVersionDate "2018.11.04"]
[SourceQuality "1"]
[WhiteTeam "Debdas Biswas Smirity Sangsad"]
[BlackTeam "Basir Memorial"]
[WhiteTeamCountry "BAN"]
[BlackTeamCountry "BAN"]

1. e4 c5 2. Nf3 Nc6 3. c3 d5 4. e5 Bg4 5. Bb5 Qb6 6. a4 e6 7. 0-0 Nge7 8. h3 Bh5 9. b4 a6 10. bxc5 Qxc5 11. d4 Qb6 12. Be2 h6 13. Ba3 g5 14. Nbd2 Bg6 15. Ra2 Nf5 16. g4 Ng7 17. Rb2 Qc7 18. Bd6 Bxd6 19. exd6 Qxd6 20. Rxb7 0-0 21. Qb3 Rab8 1/2-1/2